000 00529cam a22001457a 4500
008 180718b1984 xxu||||| |||| 00| 0 eng d
082 _aP04x54 N213c
100 _aTilak, J.B.G.
245 _aCentre-state relations in financing education in India
_cby J.B.G. Tilak
260 _aNew Delhi
_bNational Institute of Educational Planning and Administration
_c1984
300 _a35p.
650 _aFederalaid - India
650 _aEducation - Finance - India
700 _aNational Institute of Educational Planning and Administration
999 _c477197
_d477197